|
|
|
|
| LEADER |
00000nam0a2200000 4500 |
| 001 |
168422 |
| 005 |
20231031163117.0 |
| 010 |
|
|
|a 9785317027155
|
| 035 |
|
|
|a (RuTPU)RU\TPU\book\182734
|
| 090 |
|
|
|a 168422
|
| 100 |
|
|
|a 20091028d2009 k y0rusy50 ca
|
| 101 |
0 |
|
|a rus
|
| 102 |
|
|
|a RU
|
| 105 |
|
|
|a a z 000zy
|
| 200 |
1 |
|
|a Прогноз развития высшего образования в России: 2009-2011 гг.
|f под ред. Т. Л. Клячко
|
| 210 |
|
|
|a Москва
|c МАКС Пресс
|d 2009
|
| 215 |
|
|
|a 404 с.
|c ил.
|
| 225 |
1 |
|
|a Управление. Финансы. Образование
|
| 330 |
|
|
|a Книга подготовлена по заказу и финансовой поддержке Фонда «Новая Евразия» на основе результатов проекта «Прогноз развития высшего профессионального образования на 2009—2011 годы в условиях модернизации образования», выполненного специалистами Академии народного хозяйства при Правительстве Российской Федерации, Государственного университета - Высшей школы экономики при Правительстве Российской Федерации и Института социально-экономических проблем народонаселения Российской академии наук по заказу Федерального агентства по образованию в 2007 г. Для специалистов в области экономики и управления системой образования.
|
| 606 |
1 |
|
|a Высшее образование
|x В России
|2 stltpush
|3 (RuTPU)RU\TPU\subj\3994
|
| 610 |
1 |
|
|a вузы
|
| 610 |
1 |
|
|a образование
|
| 610 |
1 |
|
|a Российская Федерация
|
| 610 |
1 |
|
|a прогнозы
|
| 610 |
1 |
|
|a высшее профессиональное образование
|
| 610 |
1 |
|
|a инновации
|
| 610 |
1 |
|
|a варианты
|
| 610 |
1 |
|
|a управление
|
| 610 |
1 |
|
|a финансы
|
| 686 |
|
|
|a Ч484(2)
|v LBC/SL-A
|2 rubbk
|
| 702 |
|
1 |
|a Клячко
|b Т. Л.
|g Татьяна Львовна
|4 340
|
| 801 |
|
1 |
|a RU
|b 63413507
|c 20091028
|
| 801 |
|
2 |
|a RU
|b 63413507
|c 20150818
|g RCR
|
| 942 |
|
|
|c BK
|